00418nam a22001337a 4500082001800000100004000018245005700058260003700115300001300152526003700165526003700202526003700239650000800276 a297.4bNADcD aMolana Syed Abu Al Hassan Ali Nadvi aDastoor-e-HayatcMolana Syed Abu Al Hassan Ali Nadvi aKarachibMajlis-e-Nashriat Islam a240 P, : a0b0c0d297_400000000000000_NAD a0b0c0d297_400000000000000_NAD a0b0c0d297_400000000000000_NAD aMCE